000 00758nam a2200265Ia 4500
003 OSt
005 20221006151222.0
006 a|||||r|||| 00| 0
007 ta
008 221006b |||||||| |||| 00| 0 jpn d
020 _cS0110501200
024 _a21,344
037 _bGift, Japan Foundation
_cTextual
040 _aEASL
_cEASL
_bjpn
041 _2jpn
_ajpn
082 _aY33:4.42.N5, L5
100 _aMIYAMOTO Kenichi
_9658608
245 0 _aNihon no toshi mondai
_b So no seiji keizaigakuteki kosatsu
260 _aTokyo
_bChikuma Shobo Japan
_c1975
300 _a259p.
_ccm.
490 _v JL
650 _aJL
942 _hY33:4.42.N5, L5
_cTEXL
_2CC
999 _c1089430
_d1089430